How I wonder / (Record no. 438)

MARC details
000 -LEADER
fixed length control field 00603nam a22002297a 4500
001 - CONTROL NUMBER
control field 438
003 - CONTROL NUMBER IDENTIFIER
control field FISKH
005 - DATE AND TIME OF LATEST TRANSACTION
control field 20230421083912.0
008 - FIXED-LENGTH DATA ELEMENTS--GENERAL INFORMATION
fixed length control field 230421b cb ||||| |||| 00| 0 eng d
040 ## - CATALOGING SOURCE
Original cataloging agency FISKH
Language of cataloging eng
Transcribing agency FISKH
Modifying agency FISKH
050 ## - LIBRARY OF CONGRESS CALL NUMBER
Classification number PE1119.H68
082 ## - DEWEY DECIMAL CLASSIFICATION NUMBER
Classification number 428.6
100 ## - MAIN ENTRY--PERSONAL NAME
Personal name Booth, Jack
245 ## - TITLE STATEMENT
Title How I wonder /
260 ## - PUBLICATION, DISTRIBUTION, ETC.
Place of publication, distribution, etc. Toronto
Name of publisher, distributor, etc. Impressions
Date of publication, distribution, etc. 1985
300 ## - PHYSICAL DESCRIPTION
Extent 80 pages :
Other physical details color illustrations ;
Dimensions 26 cm.
505 ## - FORMATTED CONTENTS NOTE
Formatted contents note D
520 ## - SUMMARY, ETC.
Summary, etc. Teaches names of colors, numbers, and letters of the alphabet.
521 8# - TARGET AUDIENCE NOTE
Target audience note 200 <br/>
Source Lexile
521 8# - TARGET AUDIENCE NOTE
Target audience note D <br/>
Source Raz-Plus
942 ## - ADDED ENTRY ELEMENTS (KOHA)
Source of classification or shelving scheme Dewey Decimal Classification
Koha item type Books
Suppress in OPAC No
Holdings
Withdrawn status Lost status Source of classification or shelving scheme Damaged status Not for loan Collection Home library Current library Shelving location Date acquired Total Checkouts Full call number Barcode Date last seen Date last checked out Copy number Price effective from Koha item type
    Dewey Decimal Classification     Juvenile Fiction Footprints International School Library Network Toul Kork Campus Footprints International School Library Network Toul Kork Campus TK Primary Library Room(4th Floor), Bookcase 7, Shelves 57-60, Dark Green Books 04/21/2023 1 BOO 428.6 PE1119.H68 FISBK072012 01/14/2026 11/11/2025 1 04/21/2023 Books